=LDR 00000nam 2200000 4500 =001 INLIS000000000047679 =005 20160210111919.0 =006 =007 =008 =035 ##$$0010-021600000000067 =040 ##$$a NPBDMAT =082 ##$$a R.351.72 =090 ##$$a R.351.72 $b Dok d =245 ##$$a Dokumen Tambahan Mata Keuangan dan Rancangan Anggaran Pendapatan dan Belanja Negara Tahun Anggaran 2009 =260 ##$$a Jakarta : $b Departemen Keuangan Republik Indonesia, $c 2009 =300 ##$$a 20 hlm $c 28 cm =650 ##$$a Anggaran Pendapatan dan Belanja Negara